Musee d´art et d´histoire Geneve (Record no. 7286)
[ view plain ]
| 000 -CABECERA | |
|---|---|
| campo de control de longitud fija | 00802nam a2200253 a 4500 |
| 001 - NÚMERO DE CONTROL | |
| campo de control | BRCA_7612 |
| 005 - FECHA Y HORA DE LA ÚLTIMA TRANSACCIÓN | |
| campo de control | 20190320205918.0 |
| 008 - DATOS DE LONGITUD FIJA--INFORMACIÓN GENERAL | |
| campo de control de longitud fija | 060713s1930----sz-a######---#000-0#fre-# |
| 041 ## - CÓDIGO DE LENGUA | |
| Código de lengua del texto/banda sonora o título independiente | fre |
| 044 ## - CÓDIGO DEL PAÍS DE LA ENTIDAD EDITORA/PRODUCTORA | |
| Código MARC del país | sz |
| 050 #4 - SIGNATURA TOPOGRÁFICA DE LA BIBLIOTECA DEL CONGRESO | |
| Número de clasificación | NK2345 |
| Número de documento/Ítem | .M87 1930 |
| 245 10 - MENCIÓN DE TÍTULO | |
| Título | Musee d´art et d´histoire Geneve |
| Resto del título | meubles de styles gothique et renaissance |
| Mención de responsabilidad, etc. | introduction par W. Deonna. |
| 260 ## - PUBLICACIÓN, DISTRIBUCIÓN, ETC. | |
| Lugar de publicación, distribución, etc. | Basel, Suiza |
| Nombre del editor, distribuidor, etc. | E. Birkhauser |
| Fecha de publicación, distribución, etc. | c1930 |
| 300 ## - DESCRIPCIÓN FÍSICA | |
| Extensión | 4 p. |
| Otras características físicas | il., 26 láminas |
| Dimensiones | 18 cm. |
| 440 #0 - MENCIÓN DE SERIE/PUNTO DE ACCESO ADICIONAL--TÍTULO | |
| Título | Die historischen museen der Schweiz |
| Designación de volumen o secuencia | heft 7 |
| 9 (RLIN) | 18767 |
| 500 ## - NOTA GENERAL | |
| Nota general | La biblioteca cuenta con el v.1 |
| 500 ## - NOTA GENERAL | |
| Nota general | T16 |
| 650 14 - PUNTO DE ACCESO ADICIONAL DE MATERIA--TÉRMINO DE MATERIA | |
| Término de materia o nombre geográfico como elemento de entrada | Muebles góticos |
| 9 (RLIN) | 9624 |
| 650 14 - PUNTO DE ACCESO ADICIONAL DE MATERIA--TÉRMINO DE MATERIA | |
| Término de materia o nombre geográfico como elemento de entrada | Muebles renacentistas |
| 9 (RLIN) | 7835 |
| 650 14 - PUNTO DE ACCESO ADICIONAL DE MATERIA--TÉRMINO DE MATERIA | |
| Término de materia o nombre geográfico como elemento de entrada | Galerías y museos |
| Subdivisión geográfica | Suiza |
| 9 (RLIN) | 10728 |
| 700 1# - PUNTO DE ACCESO ADICIONAL--NOMBRE DE PERSONA | |
| Nombre de persona | Deonna, W. |
| Término indicativo de función/relación | intr. |
| 9 (RLIN) | 18768 |
| 902 ## - CATALOGADOR | |
| Iniciales | GFM |
| 942 ## - ELEMENTOS DE PUNTO DE ACCESO ADICIONAL (KOHA) | |
| Fuente del sistema de clasificación o colocación | Library of Congress Classification |
| Tipo de ítem Koha | Libros |
| Estado de retiro | Estado de pérdida | Estado dañado | No para préstamo | Localización permanente | Ubicación/localización actual | Fecha de adquisición | Número de inventario | Total de préstamos | Signatura topográfica completa | Código de barras | Fecha visto por última vez | Precio válido a partir de | Tipo de ítem Koha |
|---|---|---|---|---|---|---|---|---|---|---|---|---|---|
| El ejemplar forma parte de la colección y puede ser consultado según las políticas vigentes. | Biblioteca del Museo Franz Mayer (Rogerio Casas-Alatriste) | Biblioteca del Museo Franz Mayer (Rogerio Casas-Alatriste) | 04/07/2013 | T16 | NK2345 .M87 1930 (T16) | 8220 | 22/03/2019 | 22/03/2019 | Libros |